|
|
|
|
| LEADER |
00000nam0a2200000 4500 |
| 001 |
211387 |
| 005 |
20231101225657.0 |
| 010 |
|
|
|a 9780521167208
|
| 035 |
|
|
|a (RuTPU)RU\TPU\book\230917
|
| 090 |
|
|
|a 211387
|
| 100 |
|
|
|a 20120313d2010 m y0engy50 ba
|
| 101 |
0 |
|
|a eng
|
| 102 |
|
|
|a GB
|
| 105 |
|
|
|a y j 000zy
|
| 200 |
1 |
|
|a KET for Schools Direct
|e Teacher's Book
|f P. Chappell, M. Lloyd
|
| 210 |
|
|
|a Cambridge
|c Cambridge University Press
|d 2010
|
| 215 |
|
|
|a 96 p.
|c il.
|e CD-ROM
|
| 225 |
1 |
|
|a Cambridge Books for Cambridge Exams
|
| 330 |
|
|
|a КЕТ for Schools Direct prepares students for the Cambridge ESOL KET for Schools exam. Essential exam practice, tips and strategies are combined with fun, communicative activities, ensuring lessons are varied and engaging - and that students are ready for their exam.
|
| 606 |
1 |
|
|a Английский язык
|x Учебные руководства и пособия
|x Учебные руководства и пособия для высшей школы
|2 stltpush
|3 (RuTPU)RU\TPU\subj\29071
|9 52483
|
| 606 |
1 |
|
|a Английский язык
|x Учебные руководства и пособия
|x Методика преподавания
|2 stltpush
|3 (RuTPU)RU\TPU\subj\29080
|
| 610 |
1 |
|
|a лексика
|
| 610 |
1 |
|
|a грамматика
|
| 610 |
1 |
|
|a разговорная речь
|
| 610 |
1 |
|
|a упражнения
|
| 610 |
1 |
|
|a сертификаты
|
| 610 |
1 |
|
|a методика
|
| 610 |
1 |
|
|a преподавание
|
| 610 |
1 |
|
|a обучение
|
| 610 |
1 |
|
|a CD-ROM
|
| 686 |
|
|
|a Ш143.21-923
|v LBC/SL-A
|2 rubbk
|
| 686 |
|
|
|a Ш143.21-91
|v LBC/SL-A
|2 rubbk
|
| 700 |
|
1 |
|a Chappell
|b P.
|g Patricia
|
| 701 |
|
1 |
|a Lloyd
|b M.
|g Mark
|
| 801 |
|
1 |
|a RU
|b 63413507
|c 20120313
|
| 801 |
|
2 |
|a RU
|b 63413507
|c 20170628
|g RCR
|
| 942 |
|
|
|c BK
|